<?xml version="1.0" encoding="UTF-8"?>
<marc:record xmlns:marc="http://www.loc.gov/MARC21/slim">
   <marc:leader>00000nam a2200000 a 4500</marc:leader>
   <marc:datafield ind1="1" ind2=" " tag="100">
      <marc:subfield code="a">Nesbø, Jo</marc:subfield>
      <marc:subfield code="4">aut</marc:subfield>
      <marc:subfield code="e">Verfasser/-in</marc:subfield>
   </marc:datafield>
   <marc:datafield ind1="0" ind2="0" tag="245">
      <marc:subfield code="a">Der Fledermausmann</marc:subfield>
   </marc:datafield>
   <marc:datafield ind1=" " ind2="1" tag="264">
      <marc:subfield code="b">Hörbuch</marc:subfield>
      <marc:subfield code="c">2009</marc:subfield>
   </marc:datafield>
   <marc:datafield ind1="1" ind2=" " tag="520">
      <marc:subfield code="a">Harry Hole, der trinkfeste Kommissar aus Oslo, wird nach Sydney geschickt, um dort den Mord an einer norwegischen Schauspielerin aufzuklären. Ihm zur Seite steht sein australischer Kollege, der Aborigine Andrew. Schnell freunden sich die beiden miteinander an. Doch schon bald müssen sie feststellen, dass der Mord an der jungen Norwegerin kein Einzelfall ist. Scheinbar willkürlich werden blonde Frauen auf bestialische Weise erwürgt. Ist der Täter ein hasserfüllter Psychopath? Doch dann passiert ein Mord, der nicht in diese Serie passt. Da setzt Hole alles auf eine Karte. Er lässt seine Freundin Brigitta den Lockvogel spielen. Sie ist jung und sie ist blondà  Schon im ersten seiner sechs Harry-Hole-Krimis ist Jo Nesbo auf der Höhe seines Könnens: sensibel, intelligent und unglaublich spannend.</marc:subfield>
   </marc:datafield>
   <marc:datafield ind1="3" ind2=" " tag="024">
      <marc:subfield code="a">9783899036626</marc:subfield>
   </marc:datafield>
</marc:record>
